[Event "Montreal Pere Noel"]
[Site "Montreal"]
[Date "1986.12.27"]
[Round "2"]
[White "Lasnier, Francois"]
[Black "Charest, Johanne"]
[Result "1/2-1/2"]
[WhiteElo "1502"]
[BlackElo "1319"]
[PlyCount "54"]
[EventDate "1986.12.26"]
[EventType "swiss"]
[EventRounds "5"]
[EventCountry "CAN"]
[SourceTitle "EXT 2022"]
[Source "ChessBase"]
[SourceDate "2021.10.06"]
[SourceVersion "1"]
[SourceVersionDate "2021.10.06"]
[SourceQuality "1"]

1. d4 d5 2. Nf3 Bf5 3. Bf4 Nf6 4. e3 e6 5. Nbd2 Bd6 6. Bxd6 Qxd6 7. Be2 Nbd7 8. Nh4 Be4 9. f3 Bg6 10. c4 dxc4 11. Bxc4 Nb6 12. Rc1 Nxc4 13. Qa4+ c6 14. Qxc4 Qe7 15. Qc5 Qd8 16. Nxg6 hxg6 17. Qb4 Nh5 18. Ke2 Rb8 19. Ne4 Qe7 20. Qxe7+ Kxe7 21. g4 Nf6 22. Nxf6 gxf6 23. h4 f5 24. Rc5 fxg4 25. fxg4 f5 26. Kf3 Rbf8 27. g5 Rh5 1/2-1/2